Statistiques concernant Les peintres célèbres

Cliquez ici pour prendre le quiz!

Statistiques générales

  • Ce quiz a été pris 592 fois
  • Le résultat moyen est 10 sur 15

Statistiques - réponses

Réponse% Correct
Van Gogh
98%
Delacroix
95%
Monet
94%
Renoir
90%
Manet
83%
Botticelli
81%
Klimt
74%
Vermeer
66%
Géricault
62%
Bosch
53%
Ingres
46%
Millet
45%
Rembrandt
44%
Fragonard
31%
Véronèse
22%

Distribution des résultats

Percentile par nombre de réponses

% des personnes avec chaque résultat

Votre développement - résultats

Vous n’avez pas pris ce quiz